Poskytování přeshraničních úvěrů na Ukrajinu - co zvážit a jak dál?

Udalosti na Ukrajine spôsobujú v medzinárodných bankách obavy v niektorých kľúčových a právnych otázkach vo vzťahu k cezhraničným úverom, poskytovaným na Ukrajinu.

Guardado en:
Detalles Bibliográficos
Autor principal: Segall, Mark
Otros Autores: Dayes, Simon
Formato: Capítulo de libro
Lenguaje:checo
Materias:
Etiquetas: Agregar Etiqueta
Sin Etiquetas, Sea el primero en etiquetar este registro!

MARC

LEADER 00000naa a2200000 4500
001 0185435
005 20231211083125.2
041 0 |a cze 
044 |a CZ 
245 1 0 |a Poskytování přeshraničních úvěrů na Ukrajinu - co zvážit a jak dál?  |c Mark Segall, Simon Dayes 
520 |a Udalosti na Ukrajine spôsobujú v medzinárodných bankách obavy v niektorých kľúčových a právnych otázkach vo vzťahu k cezhraničným úverom, poskytovaným na Ukrajinu. 
610 2 0 |a banky medzinárodné 
610 2 0 |a bankovníctvo 
610 2 0 |a bloky menové 
610 2 0 |a úver medzinárodný 
610 2 0 |a styk zúčtovací medzinárodný 
610 2 0 |a Ukrajina 
100 1 |a Segall, Mark 
700 1 |a Dayes, Simon